Statistics for US Presidents Quiz

Click here to take the quiz!

General Stats

  • This quiz has been taken 30 times
  • The average score is 13 of 15

Answer Stats

HintAnswer% Correct
How many years was Abraham Lincoln president?4
100%
Which U.S. president held office for 12 years, the longest amount of time any U.S. president has held office?Franklin Delano Roosevelt
100%
There are 4 presidents whose face is carved into the famous Mt. Rushmore rock. These presidents are Abraham Lincoln, George Washington, Thomas Jefferson, and...Theodore Roosevelt
100%
Who was president during 9/11?George W. Bush
96%
Who was the youngest president at the time of his election?John F. Kennedy
96%
Which president was famous for resigning as president?Richard M. Nixon
96%
Who was the 40th president?Ronald Reagan
96%
Who was the only president to never live in the White House?George Washington
88%
Which president oversaw the bombing of Hiroshima and Nagasaki?Harry S. Truman
88%
What political party was Abraham Lincoln a member of?Republican party
88%
What branch of government does the president reside in?The Executive Branch
88%
Which president acquired the Louisiana Purchase?Thomas Jefferson
88%
What war was George Washington a general in?The Revolutionary War
76%
What does the"S" in Harry S. Truman stand for?Nothing
64%
How many electoral college votes are required for a president to be elected?270
48%

Score Distribution

Percentile by Number Answered

Percent of People with Each Score

Your Score History

You have not taken this quiz